000 00649nam a2200241Ia 4500
003 OSt
005 20220926013039.0
006 a|||||r|||| 00| 0
007 ta
008 220923b |||||||| |||| 00| 0 eng d
037 _cGeneral Book
040 _aRTL
_cRTL
_beng
041 _2eng
_aeng
082 _aX64, M2;M7
100 _aPrager Jonas
_9317775
245 0 _aFundama=entals of money banking and financial inst
250 _aEd 2
260 _aNew York
_bHarper and Row
_c1987
300 _axix,783p
_ccm.
650 _aMoney Markets
942 _hX64, M2;M7
_cGB
_2CC
999 _c625064
_d625064